00933nam a2200301Ia 4500001000900000003000500009005001700014008004100031010001100072020001800083040000900101082002200110100002800132245012100160250001100281260003100292300001600323500006300339503000800402504002800410650002700438650002900465650002800494650003000522650002300552650002000575700003600595dia_1715CHAP20251027152351.0220117s1998 xx 000 0 und d a172260 a0-13-930439-8 cCHAP a660.2842 G43 1998 aGeankoplis, Christie J. aProcesos de transporte y operaciones unitarias /c Christie J. Geankoplis ; traducción Patricia Straulino Muñoz a3a ed. aMéxico :b CECSA,c1998 axi, 1005 p. aTítulo original: Transport processes and unit operations aC/e aIncluye bibliografías aChemical engineering  aIngeniería química  aOperaciones unitarias  aTeoría de transportes  aTransport theory  aUnit operations aStraulino Muñoz Patricia, tr.